One-Syllable Words Whose Only Vowel is Y - Statistics

General Stats
  • This quiz has been taken 121 times
  • The average score is 14 of 41
Answer Stats
word % Correct
dry
87%
by
86%
cry
86%
my
86%
try
84%
fry
83%
fly
76%
why
76%
pry
74%
shy
69%
sty
68%
ply
63%
sly
62%
wry
61%
thy
59%
spy
57%
sky
54%
hymn
29%
gym
20%
spry
17%
myth
16%
tryst
15%
crypt
14%
gyp
13%
lynx
13%
synch
12%
cyst
11%
myrrh
11%
psych
10%
lymph
7%
nymph
7%
scry
6%
synth
4%
pyx
3%
xyst
3%
lynch
2%
wynn
2%
glyph
1%
sylph
1%
wych
1%
flysch
0%
No matching quizzes found
Score Distribution
Percent of People with Each Score
Percentile by Number Answered
Your Score History
You have not taken this quiz